000 00451nam a2200157Ia 4500
999 _c22041
_d22041
003 OSt
005 20200320121457.0
008 190216s9999||||xx |||||||||||||| ||und||
040 _coclc
082 _a956
_bKRI/A
100 _aKrishnachaitanya
_92126
245 0 _aArabi Sahitha Charitram /
_cKrishnachaitanya
260 _bNational Book Stall,
_aKottayam:
_c1971.
300 _a315p
942 _cBK
_2ddc
_h956
_iKRI/A
_k956
_mKRI/A